| 000 | 00805ntm a22002297a 4500 | ||
|---|---|---|---|
| 005 | 20170809142119.0 | ||
| 008 | 170802s2010 xx a frb 000 0 eng d | ||
| 040 |
_aEG-ScBUE _beng _cEG-ScBUE |
||
| 082 | 0 | 4 |
_222 _a624 _bEPE |
| 100 | 1 | _aEpead, Amany A.. | |
| 245 | 1 | 0 |
_aDesign for speed / _cby Amany A. Epead. |
| 260 | _c2010. | ||
| 300 |
_a74 p. : _bill. (col.) ; _c28 cm. |
||
| 500 | _aA thesis submitted to the faculty of engineering the British university in Egypt in partial fulfillment of the requirement for the degree of bachelor in architectural engineering | ||
| 590 | _aNOURA TARK KAMAL. | ||
| 650 | 7 |
_2BUEsh _a Architectural Engineering. _vProjects |
|
| 653 |
_bENGARC _cAugust2017 |
||
| 655 | _vSPRO | ||
| 700 | 1 |
_aRashed, Ahmed, _eths |
|
| 700 | 1 |
_aSheweka, Samar, _eths |
|
| 942 | _2ddc | ||
| 999 |
_c25141 _d25113 |
||